000 00511nam a2200181Ia 4500
003 GCL
008 140319s9999 xx 000 0 ara d
040 _aGCL /
_cGCL
082 0 4 _a813.0876
_bص د
100 1 _aصنع الله ابراهيم
245 1 0 _aالدلفين يأتى عند الغروب /
_cصنع الله ابراهيم
300 _a148
490 _a
650 0 4 _aالادب العربى
650 0 4 _aالقصص العربية
650 0 4 _aالقصص العلمية
942 _2ddc
_cBK
999 _c40272
_d40272